| 000 | 00904nam a2200265 c 4500 | ||
|---|---|---|---|
| 003 | BLK | ||
| 005 | 20180413123148.0 | ||
| 008 | 180408b bul|||||r ||||||| ||bul|| | ||
| 010 | _aKNG00063714000 | ||
| 040 | _aBLK | ||
| 041 |
_aDEU _cDEU |
||
| 080 |
_aХидроенергетика. Хидравлични машини. Вж и 532; 533.6; 627.8 _b621.22 _x(038) _z621.22(038) |
||
| 080 |
_aПневмоенергетика. Хладилна техника. Вж и 536; 621.61/.63; 621.65/.69; 662.99 _b621.5 _x(038) _z621.5(038) |
||
| 139 |
_aHydraulik _bH 99 |
||
| 245 | 1 | 0 |
_aHydraulik _bPneumatik : Engl., Dt., fr., russ., pol., ung. |
| 260 |
_аBerlin _bTechnik _c1971 |
||
| 300 |
_a456 с. _c24 см |
||
| 380 | _a62 | ||
| 490 | 1 | _aTechnik-Worterbuch | |
| 852 | _aЦб 66825 | ||
| 856 | 4 |
_qpdf _u |
|
| 856 | 4 |
_qpdf _u |
|
| 942 |
_cKNG _n0 |
||
| 944 |
_aCR _c13.06.2004 _kЧиталня |
||
| 944 |
_aED _c13.06.2004 _k |
||
| 999 |
_c59603 _d59603 |
||